000 00688nam a2200241Ia 4500
003 OSt
005 20221007073129.0
006 a|||||r|||| 00| 0
007 ta
008 221006b |||||||| |||| 00| 0 eng d
024 _a3,181
037 _cTextual
040 _aFLL
_cFLL
_beng
041 _2eng
_aeng
082 _aZ2vN5, 1968
100 _aKulshreshtha V.D.
_9242124
245 0 _aLandmarks in indian legal history and constitutional history
260 _aLuchnow
_bEastern book company India
_c1968
300 _a450
_ccm.
650 _aIndian legal history
_9681802
942 _hZ2vN5, 1968
_cTEXL
_2CC
999 _c1147746
_d1147746